000 00701nam a2200229 a 4500
001 12829
003 BD-JhCC
005 20230517104357.0
008 230517s2020 b |||| |||| 000 0 be d
020 _a9789845100304
035 _a(BD-JhCC)12829
040 _aBD-JhCC
_dBD-JhCC
041 _aben
082 _a928
_bHUQ 2020
100 _aহক, সৈয়দ আজিজুল
245 _aকথাশিল্পী মানিক /
_cসৈয়দ আজিজুল হক
260 _aঢাকা :
_bকথাপ্রকাশ,
_c২০২০
300 _a৪৩০ পৃ. :
_c২১ সেমি.
600 _aBandapaddhy, Manik
650 _aBiography
942 _2ddc
_cBK
999 _c12829
_d12829